00961 a2200181 45000010006000000050017000060080041000230030015000640400040000790800039001192450090001580200018002482640085002663000018003515050200003691000029005698560181005982213020260407155510.0260407a1995 arg spa dAR-UNSa-BCEJYS aAR-UNSa-BCEJYSbspacAR-UNSa-BCEJYS a657.6xAuditoria (control interno)10aInforme especial sobre aumento de capital con cargo a reservas articulo 157 del TRLSA a84-89328-22-6 1aMadrid :bInstituto de Auditores - Censores Jurados de Cuentas de Españac1995 a94 p.c24 cm. a1. Introducción - 2. Referencias legales - 3. Auditor que interviene - 4. Objeto de la intervención - 5. Opinión - 6. Informe - 7. Guía practica del trabajo a realizar - 8. Conclusiones. 1 aPicazo González, Pablo41uhttps://biblioeco.unsa.edu.ar/pmb/images/libros/Informe especial sobre aumento de capital con cargo a reservas articulo 157 del TRLSA-L119457.jpgyImagen de portadaqimage/jpeg